Normal view
MARC view
Entry Topical Term
001 - CONTROL NUMBER
- control field: 12261
003 - CONTROL NUMBER IDENTIFIER
- control field: ARRUPE
005 - DATE AND TIME OF LATEST TRANSACTION
- control field: 20141027124130.0
008 - FIXED-LENGTH DATA ELEMENTS
- fixed length control field: 141027|| aca||aabn | a|a d
040 ## - CATALOGING SOURCE
- Original cataloging agency: ARRUPE
- Transcribing agency: ARRUPE
150 ## - HEADING--TOPICAL TERM
- Topical term or geographic name as entry element: Lutheran Church
- General subdivision: Relations
- General subdivision: Reformed Church.
670 ## - SOURCE DATA FOUND
- Source citation: Work cat.: (ARRUPE)0: Pufendorf, Samuel, Freiherr von, 1632-1694. 12142, The divine feudal law, or, Covenants with mankind, represented /, c2002.